000 00530nam a22001817a 4500
003 CEME
005 20210628205215.0
008 210216b xxu||||| |||| 00| 0 eng d
020 _a0-674-39961-7
040 _c.
082 _a909.82 GRE'H
100 _aGrenville, J. A. S
_946107
245 _aA history of the world in the twentieth century western dominance 1900-1947
260 _aCAMBRIDGE
_bHARWARD UNIVERSITY PRESS
_c1997
300 _aX, 389P VOL-1
650 _aHISTORY MODERN 20TH CENTURY
_958953
942 _cBK
_2ddc
999 _c579952
_d579952